| 000 | 00596nam a22001697a 4500 | ||
|---|---|---|---|
| 005 | 20251108172828.0 | ||
| 008 | 250721s2000 xx 000 0 ara d | ||
| 082 | 1 | 4 | _a956.421/ندو |
| 111 | 2 |
_aالندوة العاشرة _cعمان _d4 - 2 تشرين الأول ( أكتوبر ) 1999 |
|
| 245 | 1 | 0 | _aيوم القدس - بيت المقدس و أكناف بيت المقدس - صراع الهوية و الأرض / |
| 264 | 1 |
_aعمان : _bمطابع الدستور، _c2000. |
|
| 300 | _a223 ص. | ||
| 650 | 1 | 7 | _aالقدس |
| 650 | 1 | 7 | _aالتاريخ |
| 942 |
_2ddc _cBK |
||
| 999 |
_c89507 _d89507 |
||